书目信息 |
| 题名: |
纯属较劲
|
|
| 作者: | 黄敬泽 著 | |
| 分册: | ||
| 出版信息: | 北京 作家出版社 2001.12 |
|
| 页数: | 376页 | |
| 开本: | 21cm | |
| 丛书名: | ||
| 单 册: | ||
| 中图分类: | I247.5 | |
| 科图分类: | ||
| 主题词: | 长篇小说--中国--当代 | |
| 电子资源: | ||
| ISBN: | 7-5063-2238-2 | |
| 000 | 00530nam0 2200193 45 | |
| 005 | 20041014091435.07 | |
| 010 | @a7-5063-2238-2@dCNY 18.00 | |
| 100 | @a20021010d2001 ekmy0chiy0121 ea | |
| 101 | 0 | @achi |
| 102 | @aCN@b110000 | |
| 105 | @ay z 000ay | |
| 200 | 1 | @a纯属较劲@Achun shu jiao jin@f黄敬泽著 |
| 210 | @a北京@c作家出版社@d2001.12 | |
| 215 | @a376页@d21cm | |
| 606 | 0 | @a长篇小说@y中国@z当代 |
| 690 | @aI247.5@v3 | |
| 701 | 0 | @a黄敬泽@Ahuang jing ze@4著 |
| 801 | 0 | @aCN@bQSSKa@c20041014 |
| 905 | @a10447@dI247.5@eH840 | |
| 纯属较劲/黄敬泽著.-北京:作家出版社,2001.12 |
| 376页;21cm |
| ISBN 7-5063-2238-2:CNY 18.00 |
| ● |
| 相关链接 |
|
|
|
正题名:纯属较劲
索取号:I247.5/H840
 
预约/预借
| 序号 | 登录号 | 条形码 | 馆藏地/架位号 | 状态 | 备注 |
| 1 | 420138 | 204201381 | 文学库108/ [索取号:I247.5/H840] | 在馆 | |
| 2 | 420139 | 204201390 | 文学库108/ [索取号:I247.5/H840] | 在馆 | |
| 3 | 420140 | 204201407 | 文学库108/ [索取号:I247.5/H840] | 在馆 |